LEADER 01062nam a2200229 i 4500 001 000000026103 003 CaOOAMICUS 005 20220209131935.0 008 180830s1776 gw u000 u ger u 040 $aSeMil$bita 100 1 $aWieland, Christoph Martin,$d<1733-1813>.$0(OLS)http://semarc/name/11668 245 10$aWielands Sammlung poetischer Schriften. Erster Teil [-Dritter Teil]. 260 $aCarlsruhe :$bChristian Gottlieb Schmieder,$c1776. 300 $a3 v. ;$c8°. 500 $aVignetta xil. sui front. 700 1 $aSchmieder, Christoph Gottlieb,$c.$0(OLS)http://semarc/name/11669 774 0 $aWieland, Christoph Martin <1733-1813>$t1. Teil.$g1$w()210149 774 0 $aWieland, Christoph Martin <1733-1813>$t2. Teil.$g2$w()210152 774 0 $aWieland, Christoph Martin <1733-1813>$t3. Teil.$g3$w()210153 996 $6245$aWielands Sammlung poetischer Schriften. Erster Teil [-Dritter Teil]$9(OLS)http://semarc/title/35213 996 $6260$aCarlsruhe :$bChristian Gottlieb Schmieder$9(OLS)http://semarc/publisher/36714 LEADER 01239nam a2200265 i 4500 001 000000052272 003 CaOOAMICUS 005 20100810000000.0 008 100810s1969 it u000 u ita u 013 $a23444 040 $aSeMil$bita 100 1 $aArdusso, Franco <1935-2005>.$0(OLS)http://semarc/name/3606 245 10$aNatura e Grazia :$bstudio storico-teologico sul teologo giansenista italiano Pietro Tamburini /$cFranco Ardusso. 260 $aBrescia :$bMorcelliana,$c1969. 300 $a197 p. ;$c24 cm. 490 0 $aRicerche di scienze teologiche ;$v6 500 $aContiene : Bibliografia. 600 14$aTamburini, Pietro .$0(OLS)http://semarc/subject/10805 650 4$aGiansenismo.$0(OLS)http://semarc/subject/2623 650 4$aGrazia divina - Teologia.$0(OLS)http://semarc/subject/318 830 0$aRicerche di scienze teologiche ;$v6.$0(OLS)http://semarc/title/42 850 $aSeMil 852 $aSeMil$W1$xVenegono$y1$m2G IV 106$j18427$B18427$CSeMilBibl$Z2$F18428 $81 996 $6245$aNatura e Grazia :$bstudio storico-teologico sul teologo giansenista italiano Pietro Tamburini$9(OLS)http://semarc/title/80185 996 $6260$aBrescia :$bMorcelliana$9(OLS)http://semarc/publisher/29629 LEADER 00412nab a2200145 i 4500 001 000000289013 003 CaOOAMICUS 005 20190415111254.0 008 160519n xx uu u0 0und r 013 $a43556 040 $aSeMil$bita 245 10$aGennaio-Aprile. 773 0 $tAnno 2014.$dRoma : Soc. Ed. Dante Alighieri, 2014.$w()249443 996 $6245$aGennaio-Aprile$9(OLS)http://semarc/title/421149